Sentino - Wszystkie Piosenki - Statystyki

Ogólne statystyki
  • Ten quiz został rozwiązany 94 razy
    3 od ostatniego zresetowania
  • Średni wynik to 94 z 268
Statystyki odpowiedzi
KING SENTO PROLOG % Poprawnych
200KM/H
100%
APOROFOBIA
100%
BRABUS
100%
CASABLANCA
100%
DYLEMAT
100%
FANTASTYCZNY
100%
FRISBEE
100%
KRAINA CZARÓW
100%
KRAINA CZARÓW 2
100%
KURWY CHCĄ SENTO
100%
LEGACY
100%
LEGEND
100%
LOST
100%
MILION
100%
MOVE
100%
NO I CO
100%
OCEAN BEACH
100%
OSTATNI
100%
OSTATNI RAZ
100%
PAŁAC
100%
PENTHOUSE 2
100%
POTWORY
100%
PRESIDENT
100%
SANGUE BLU
100%
TACH TACH
100%
WAWA022
100%
ZDROWIA
100%
ZŁODZIEJ Z TELEWIZJI
100%
3D
50%
ALFA I ROMEO
50%
ALFREDO
50%
ALGECIRAS
50%
ALIEN
50%
AMFETAMINA
50%
ARTYZM
50%
ASPOŁECZNE AMBICJE
50%
ATLANTYK
50%
ATTITUDE
50%
BABY UR A CRIMINAL
50%
BACKDOOR
50%
BAGATELLE
50%
BANDO
50%
BANG!
50%
BARRIO
50%
BIZNESMENEL
50%
BRABUS OG
50%
BUMBUM
50%
CASABLANCA - REMIX
50%
CIROC
50%
CLASSE INTERNATIONAL
50%
CO Z NAMI BĘDZIE?
50%
CRASHOUT
50%
CRIMINAL MINDED
50%
CYRK
50%
CYTRYNY
50%
CZARNA CHMURA
50%
CZARY MARY
50%
DAMELO
50%
DLA MARTWYCH KRÓLI
50%
DZIECI WOJNY
50%
DZIKI WSCHÓD
50%
EL DORADO
50%
FAME
50%
FENIX
50%
FENOMEN
50%
GDLC
50%
GOMORRA
50%
HEADCASE
50%
HOLOGRAM
50%
IDI AMIN
50%
Il DUCE
50%
INTRO
50%
KARL LAGERFELD
50%
KARL LAGERFELD 2
50%
KOŁYSANKI DLA ULICY
50%
KOSMITA
50%
KOSMOS
50%
LAS VEGAS, LAS PALMAS, LAS KABACKI
50%
LATO
50%
LAVASH FREESTYLE
50%
LEGENDA
50%
LICZĘ TEN HAJS
50%
LIMUZYNA
50%
LOEWE
50%
MAI TAI
50%
MAMA MARBELLA
50%
MAM TALENT
50%
MARBELLA
50%
MCLAREN
50%
MEGALOMANIA
50%
MIAŁEM BYĆ NIKIM
50%
MICKEY ROURKE
50%
MINION
50%
M JAK MIŁOŚĆ
50%
MOJA BITCH
50%
MOJA DAMA
50%
MR. OFFICER
50%
NARCOTRAFICANTE
50%
NIC NIE MÓW
50%
NIC NIE MÓW 2
50%
NIE PŁACZ ZA MNĄ
50%
NUMER 1 OLIS
50%
OBCY
50%
OG
50%
ONASSIS
50%
ONI ALBO JA
50%
ONI ALBO JA 2
50%
OZ
50%
PAŃSTWO W PAŃSTWIE
50%
PANTERE
50%
PARĘ KLOCKÓW
50%
PARĘ KULEK
50%
PASSPORT
50%
PIDO A DIOS
50%
PIERDOLONY BIZNES
50%
PISTOLET
50%
POLSKA MIŁOŚĆ
50%
POWWW!
50%
PRICE ON MY HEAD
50%
PROLOG
50%
PROTOTYP
50%
PROVIDENT
50%
PRZY BOGU
50%
REAL MADRYT
50%
RIO
50%
R.I.P.
50%
RM
50%
RYSY NA ROLEXIE
50%
SAFE
50%
SAUDI
50%
SCAM
50%
SCARFACE
50%
SKĄD TY TO ZNASZ
50%
SKANDAL
50%
SKARB
50%
ŚMIERĆ WROGOM
50%
SQUAD
50%
SZCZYT
50%
TABU
50%
TA DROGA
50%
TAKE IT EASY
50%
TAKI LAJF
50%
TATUAŻYK
50%
TAURUS
50%
TELEFONIK
50%
TEMPO
50%
TEN ŚWIAT
50%
TRIUMF
50%
TRÓJKĄT BERMUDZKI
50%
TRUDNO TAK
50%
TRUMP
50%
VITALYI
50%
WALIZKI
50%
WANDERLEI
50%
WESH HABIB
50%
WIECZNIE
50%
WILK
50%
ZABIJ SIĘ
50%
ZAPYTAJ O MNIE
50%
45
0%
6AM
0%
9.2 MOC
0%
AMEX
0%
ARCHITEKT ZBRODNI
0%
AZRAEL
0%
BADMAN
0%
BAŃKA
0%
BARSY
0%
BEZ GUMY
0%
BIG MONEY
0%
BLADE
0%
BLISKO KSIĘŻYCA
0%
BRENDA
0%
CHAMPION
0%
CHCIAŁA BYĆ ZE MNĄ
0%
CIEŃ I JA
0%
CZAS ZEMSTY
0%
DO BOGA
0%
DRIP
0%
DUC DE POLOGNE
0%
DUCH MOJEJ EKSTAZY
0%
DWUSETKI
0%
EKSTAZA
0%
FLAITE
0%
FURGONETKA
0%
GDZIEŚ INDZIEJ
0%
GIVENCHY
0%
GORZEJ NIŻ BYŁO
0%
HALO POLICJA
0%
HELIKOPTER NAD BLOKIEM
0%
HGH
0%
HIENY
0%
HIPNOZA
0%
HOLLOW TIPS
0%
HOLLYWOOD HABIBI
0%
HURRA!!!
0%
HUSTLE
0%
IRUN
0%
ITALIANO VERO
0%
JACK DANIELS
0%
JACKIE CHAN
0%
JESZCZE RAZ
0%
KARDASHYAN
0%
KNIFE 2 A GUN FIGHT
0%
KOKAINA
0%
KOLEKCJA SETEK MASEK
0%
KRÓLICZA GŁOWA
0%
LA CONEXION
0%
LA FAMILIA
0%
LAGRIMAS
0%
LA LINEA
0%
LEBARA SIM
0%
LUSTRO
0%
MARLBORO I 808
0%
MIDAS
0%
MILIONER
0%
MILLIE
0%
MIZANTROPIA
0%
MY BEST LIFE
0%
NA CZASIE
0%
NARCOTIC
0%
NASA
0%
NIEBIESKI PTAK
0%
NIE MAM CZASU
0%
NIEODEBRANE
0%
NÓŻ WE KRWI
0%
OKO
0%
PIEKŁO BANUS
0%
PLATYNA
0%
POLITYKA PLECÓW
0%
PRADA
0%
PSG
0%
R.2.K.
0%
RAJ
0%
RATATATA
0%
REINKARNACJA
0%
REMY MARTIN
0%
REY DE LOS CIELOS
0%
RÓŻOWY PYŁ
0%
SAM
0%
SAUCE
0%
SAUVAGE
0%
SDR
0%
SEMI AUTOMATIC
0%
SEN W RR
0%
SHAKE
0%
SICARIO
0%
SKREŚLONY
0%
STAMBUŁ
0%
STREET
0%
SUPERHERO
0%
ŚWIATŁA NEON
0%
SWÓJ SEN
0%
THE ONE
0%
TIME OUT
0%
TRUCIZNA
0%
TYLE DEMONÓW
0%
UFF
0%
UZI
0%
WAKACJE
0%
WALCZĘ Z DIABŁEM
0%
YALLA RENN
0%
YEAH
0%
ZABÓJSTWO LIRYCZNE
0%
ŻADEN
0%
ZERO EMOCJI
0%
ŻYCIE KTÓRE ZNAM
0%
Nie znaleziono quizów pasujących do podanych kryteriów
Rozkład punktacji
Procent ludzi z każdym wynikiem
Percentyl według liczby udzielonych odpowiedzi
Twoja historia wyników
Nie rozwiązałeś tego quizu od ostatniego zresetowania